000 00493cam a2200193ua 4500
020 _c45.00
041 _aeng
_h
082 _a630.954
_bRAN/HI
100 _aRandhawa, M S.
245 _aHistory of agriculture in India /
_cM S Randhawa.
_hTextual Documents
250 _a1 /
_b.
260 _aNew Delhi :
_bIndian Council for Agricultural Research ,
_c1983.
300 _a422 ; .
365 _a45.00
504 _a
942 _cBK
999 _c9375
_d9375